000 00609nam a22002297a 4500
003 UA-OsUOA
001 87609
007 ta
008 20120920b un ||||| |||| 00| 0 ukr d
100 _aВольный Ф. Г.
090 _a821.161.2
_bВ71
942 _cBK
040 _aUA-OsUOA
_brus
_cUA-OsUOA
_dUA-OsUOA
245 _aТретий восточный
_bроман
300 _a423 с.
955 _a3
041 _arus
080 _a821.161.2
260 _aДонецк
_bДонбасс
_c1989
650 7 _a82 Література. Літературознавство
_2UDC
999 _c373879
_d373879